Znamení na skle /

Uložené v:
Podrobná bibliografia
Hlavný autor: Kijowski, Andrzej (Author)
Médium: Kniha
Jazyk:Czech
Polish
Vydané: Praha : Mladá fronta, 1967.
Vydanie:1. vyd.
ISBN: (viaz.)
Fyzický popis: 263 s.
Tagy: Pridať tag
Žiadne tagy, Buďte prvý kto otaguje tento záznam!

MARC

LEADER 00000nam a22000004a 4500
001 000441921
005 20131028182507.0
008 131028s1967 xr e 000 0 cze d
020 |a (viaz.)  |c Kčs 12,50 
040 |a SVKKK  |b slo  |c SVKKK  |e AACR2 
041 1 |a cze  |h pol 
044 |a xr  |c CZ 
100 1 |a Kijowski, Andrzej  |4 aut 
245 1 0 |a Znamení na skle /  |c Andrzej Kijowski. 
250 |a 1. vyd. 
260 |a Praha :  |b Mladá fronta,  |c 1967. 
300 |a 263 s. 
910 |a svkkk 
998 |a BK 
090 |g SCKHL  |k Sklad Hlavná 10 suterén  |a I.32544  |j 389978  |i 2720621350  |s Absenčne